| 000 | 00646nam a2200181Ia 4500 | ||
|---|---|---|---|
| 008 | 090124s9999 xx 000 0 und d | ||
| 082 | _b34494 | ||
| 100 | _aमांडे अरुण | ||
| 245 | _a व्यस्त जीवनात ईश्वराचा शोध | ||
| 250 | _a1 | ||
| 260 |
_bओशो (रजनीश) _c2008 |
||
| 300 | _a162 | ||
| 600 | _aमांडे अरुण | ||
| 630 | _a व्यस्त जीवनात ईश्वराचा शोध | ||
| 700 | _aमांडे अरुण | ||
| 730 | _a व्यस्त जीवनात ईश्वराचा शोध | ||
| 942 | _cBOOK | ||
| 999 |
_c200426 _d200426 |
||